<?xml version="1.0" encoding="UTF-8"?><record xmlns="http://www.loc.gov/MARC21/slim" xmlns:zs="http://docs.oasis-open.org/ns/search-ws/sruResponse">
  <leader>02055cas a2200469 a 4500</leader>
  <controlfield tag="001">11268656</controlfield>
  <controlfield tag="005">20260506104717.6</controlfield>
  <controlfield tag="008">760620d17811782scucr ne      0    0eng c</controlfield>
  <datafield ind1=" " ind2=" " tag="010">
    <subfield code="a">sn 83025789 </subfield>
  </datafield>
  <datafield ind1="7" ind2=" " tag="016">
    <subfield code="a">002829525</subfield>
    <subfield code="2">Uk</subfield>
  </datafield>
  <datafield ind1="1" ind2=" " tag="029">
    <subfield code="a">UKMGB</subfield>
    <subfield code="b">002829525</subfield>
  </datafield>
  <datafield ind1=" " ind2=" " tag="035">
    <subfield code="a">(OCoLC)2267310</subfield>
  </datafield>
  <datafield ind1=" " ind2=" " tag="040">
    <subfield code="a">PIT</subfield>
    <subfield code="b">eng</subfield>
    <subfield code="c">PIT</subfield>
    <subfield code="d">NPV</subfield>
    <subfield code="d">NPU</subfield>
    <subfield code="d">NYG</subfield>
    <subfield code="d">DLC</subfield>
    <subfield code="d">NPA</subfield>
    <subfield code="d">NPX</subfield>
    <subfield code="d">YOX</subfield>
    <subfield code="d">NPH</subfield>
    <subfield code="d">MFN</subfield>
    <subfield code="d">ONP</subfield>
    <subfield code="d">KNP</subfield>
    <subfield code="d">CNK</subfield>
    <subfield code="d">FUG</subfield>
    <subfield code="d">NVF</subfield>
    <subfield code="d">OCL</subfield>
    <subfield code="d">CVF</subfield>
    <subfield code="d">NYS</subfield>
    <subfield code="d">CRL</subfield>
    <subfield code="d">KRTAS</subfield>
    <subfield code="d">OCLCQ</subfield>
    <subfield code="d">OCLCF</subfield>
    <subfield code="d">OCLCO</subfield>
    <subfield code="d">UKMGB</subfield>
    <subfield code="d">OCLCQ</subfield>
    <subfield code="d">OCLCL</subfield>
    <subfield code="d">WAU</subfield>
  </datafield>
  <datafield ind1=" " ind2=" " tag="042">
    <subfield code="a">pcc</subfield>
  </datafield>
  <datafield ind1=" " ind2=" " tag="043">
    <subfield code="a">n-us-sc</subfield>
  </datafield>
  <datafield ind1=" " ind2=" " tag="045">
    <subfield code="a">v8v8</subfield>
  </datafield>
  <datafield ind1="0" ind2="0" tag="050">
    <subfield code="a">Newspaper</subfield>
  </datafield>
  <datafield ind1=" " ind2=" " tag="052">
    <subfield code="a">3913</subfield>
    <subfield code="b">C3</subfield>
  </datafield>
  <datafield ind1="0" ind2=" " tag="130">
    <subfield code="a">Royal gazette (Charleston, S.C.)</subfield>
  </datafield>
  <datafield ind1="1" ind2="4" tag="245">
    <subfield code="a">The royal gazette.</subfield>
  </datafield>
  <datafield ind1=" " ind2=" " tag="260">
    <subfield code="a">[Charleston] S.C. :</subfield>
    <subfield code="b">Printed by R. Wells &amp; Son</subfield>
  </datafield>
  <datafield ind1=" " ind2=" " tag="300">
    <subfield code="a">volumes</subfield>
  </datafield>
  <datafield ind1=" " ind2=" " tag="310">
    <subfield code="a">Semiweekly</subfield>
  </datafield>
  <datafield ind1=" " ind2=" " tag="336">
    <subfield code="a">text</subfield>
    <subfield code="b">txt</subfield>
    <subfield code="2">rdacontent</subfield>
  </datafield>
  <datafield ind1=" " ind2=" " tag="337">
    <subfield code="a">unmediated</subfield>
    <subfield code="b">n</subfield>
    <subfield code="2">rdamedia</subfield>
  </datafield>
  <datafield ind1=" " ind2=" " tag="338">
    <subfield code="a">volume</subfield>
    <subfield code="b">nc</subfield>
    <subfield code="2">rdacarrier</subfield>
  </datafield>
  <datafield ind1="0" ind2=" " tag="362">
    <subfield code="a">Vol. 1, no. 1 (Mar. 3, 1781)-</subfield>
  </datafield>
  <datafield ind1="4" ind2=" " tag="510">
    <subfield code="a">Brigham, C.S. Amer. newspapers</subfield>
    <subfield code="c">p. 1035</subfield>
  </datafield>
  <datafield ind1=" " ind2=" " tag="515">
    <subfield code="a">Suspended Aug. 10-Sept. 4, 1782.</subfield>
  </datafield>
  <datafield ind1=" " ind2=" " tag="530">
    <subfield code="a">Available on microfilm from University Microfilms International; Microfilm Corp. of Penn.; Charleston Library Society and Library of Congress Records of the States (1949).</subfield>
  </datafield>
  <datafield ind1=" " ind2="0" tag="651">
    <subfield code="a">Charleston (S.C.)</subfield>
    <subfield code="v">Newspapers.</subfield>
  </datafield>
  <datafield ind1=" " ind2="0" tag="651">
    <subfield code="a">Charleston County (S.C.)</subfield>
    <subfield code="v">Newspapers.</subfield>
  </datafield>
  <datafield ind1=" " ind2="7" tag="651">
    <subfield code="a">South Carolina</subfield>
    <subfield code="z">Charleston.</subfield>
    <subfield code="2">fast</subfield>
    <subfield code="0">(OCoLC)fst01204603</subfield>
    <subfield code="1">https://id.oclc.org/worldcat/entity/E39PBJwmPYxbqfdHFpqFMWd84q</subfield>
  </datafield>
  <datafield ind1=" " ind2="7" tag="651">
    <subfield code="a">South Carolina</subfield>
    <subfield code="z">Charleston County.</subfield>
    <subfield code="2">fast</subfield>
    <subfield code="0">(OCoLC)fst01210029</subfield>
    <subfield code="1">https://id.oclc.org/worldcat/entity/E39QbtfRmVtKDXyYqYgJd6ymqp</subfield>
  </datafield>
  <datafield ind1=" " ind2="4" tag="655">
    <subfield code="a">Periodical publications.- Charleston, South Carolina.</subfield>
  </datafield>
  <datafield ind1=" " ind2="7" tag="655">
    <subfield code="a">Newspapers.</subfield>
    <subfield code="2">fast</subfield>
    <subfield code="0">(OCoLC)fst01423814</subfield>
  </datafield>
  <datafield ind1=" " ind2="7" tag="655">
    <subfield code="a">Newspapers.</subfield>
    <subfield code="2">lcgft</subfield>
  </datafield>
  <datafield ind1=" " ind2=" " tag="752">
    <subfield code="a">United States</subfield>
    <subfield code="b">South Carolina</subfield>
    <subfield code="c">Charleston</subfield>
    <subfield code="d">Charleston.</subfield>
  </datafield>
  <datafield ind1="0" ind2="0" tag="780">
    <subfield code="t">South-Carolina &amp; American general gazette</subfield>
    <subfield code="w">(DLC)sn 83025790</subfield>
    <subfield code="w">(OCoLC)9802779</subfield>
  </datafield>
  <datafield ind1=" " ind2=" " tag="906">
    <subfield code="a">7</subfield>
    <subfield code="b">cbc</subfield>
    <subfield code="c">serials</subfield>
    <subfield code="d">u</subfield>
    <subfield code="e">ncip</subfield>
    <subfield code="f">19</subfield>
    <subfield code="g">n-oclcserc</subfield>
  </datafield>
  <datafield ind1=" " ind2=" " tag="955">
    <subfield code="a">LCAP batch update 2025-06-01-04:00: LCAPM-893</subfield>
  </datafield>
  <datafield ind1=" " ind2=" " tag="991">
    <subfield code="b">c-Ser</subfield>
    <subfield code="h">Newspaper</subfield>
    <subfield code="w">SERIALS</subfield>
  </datafield>
</record>
